Sbieranie liečivých rastlín v okrese Modra

Bibliographic Details
Main Author: Vitko, J. (Author)
Format: Article
Language:Slovak

MARC

LEADER 00000nab a2200000 a 4500
001 vtls011113146
003 SK-MaSNL
005 20260303150638.0
008 230222|1943 xo |||||||||||||||||slo|
015 |a SNBRB 
035 |a (uuid)245d9e87-9cef-46a4-9d62-4ac970b067cb 
035 |a (urnnbn)urn:nbn:sk:snk:ar-a08h9w 
035 |a urn:nbn:sk:snk-ab9jos 
040 |a SNKBUCL  |b slo  |c SNKBUCL  |e AACR2 
041 0 |a slo 
044 |a xo  |c SK 
100 1 |a Vitko, J.  |4 aut  |9 1155730 
245 1 0 |a Sbieranie liečivých rastlín v okrese Modra  |c J. Vitko 
773 0 |t Slovenské liečivé rastliny  |g Roč. 3, č. 2 (1943), s. 100-107 
954 |a odborná, vedecká literatúra pôvodná (slovenská)  |2 lita 
958 |a OND 
958 |a EUIPO 
958 |a article13 
999 |c 2012269  |d 2014199